[Event "Volga 2012"]
[Site "?"]
[Date "2013.01.07"]
[Round "9.4"]
[White "Triapkin, Pavel."]
[Black "Mironov, Vitalij."]
[Result "1-0"]
[WhiteElo "2305"]
[BlackElo "1883"]
[PlyCount "87"]

1. e4 c6 2. d4 d5 3. Nc3 dxe4 4. Nxe4 Nf6 5. Nxf6+ exf6 6. Bc4 Bd6 7. Ne2 O-O
8. O-O Nd7 9. Ng3 Nb6 10. Bd3 Bxg3 11. hxg3 g6 12. Bh6 Re8 13. c3 Be6 14. Re1
Qd7 15. Qf3 f5 16. g4 f4 17. Qxf4 Nd5 18. Qg5 f6 19. Qh4 g5 20. Qg3 Nf4 21. Re4
Bd5 22. Rxf4 gxf4 23. Qxf4 Qf7 24. b3 Re7 25. c4 Be6 26. Re1 Bd7 27. Re3 Rxe3
28. fxe3 Re8 29. Qf3 Qe7 30. Bf4 Kh8 31. e4 Qg7 32. g5 fxg5 33. Be5 Rxe5 34.
dxe5 Kg8 35. Qf6 Qxf6 36. exf6 Kf7 37. e5 h6 38. c5 Bc8 39. Kf2 h5 40. Bc4+ Be6
41. Bxe6+ Kxe6 42. Kf3 a5 43. a4 Kf7 44. Ke4 1-0

[Event "Volga 2012"]
[Site "?"]
[Date "2013.01.07"]
[Round "9.5"]
[White "Olisov, Andrey."]
[Black "Seyfutdinov, Rustam."]
[Result "1-0"]
[WhiteElo "2158"]
[BlackElo "1893"]
[PlyCount "75"]

1. e4 d5 2. exd5 Qxd5 3. Nc3 Qd8 4. Bc4 Nf6 5. Nf3 c6 6. d4 Bf5 7. Ne5 e6 8. g4
Bg6 9. h4 Be4 10. Nxe4 Nxe4 11. Be3 Nd6 12. Bd3 Nd7 13. Qe2 Be7 14. h5 Bf6 15.
Nxd7 Qxd7 16. O-O-O O-O-O 17. Kb1 g6 18. f4 Kb8 19. Qf3 Be7 20. Rh2 f5 21. g5
Nb5 22. c3 Nc7 23. Rdh1 Rhf8 24. hxg6 hxg6 25. Rh7 b5 26. Bc2 Nd5 27. Bc1 Rde8
28. Re1 Qc8 29. Re5 Bd8 30. Qe2 Bc7 31. Bb3 a6 32. c4 bxc4 33. Bxc4 a5 34. Bd2
Bb6 35. Bxd5 cxd5 36. Qb5 Rh8 37. Rd7 Rh1+ 38. Re1 1-0

[Event "Volga 2012"]
[Site "?"]
[Date "2013.01.07"]
[Round "9.6"]
[White "Parshakov, Vladimir."]
[Black "Samborskiy, Vadim."]
[Result "1-0"]
[WhiteElo "1946"]
[BlackElo "2110"]
[PlyCount "110"]

1. e4 e5 2. Nf3 Nf6 3. Bc4 Nxe4 4. d3 Nf6 5. Nxe5 d5 6. Bb3 Bd6 7. d4 O-O 8.
O-O c6 9. Nd2 Nbd7 10. f4 Qb6 11. Ndf3 Ne4 12. Re1 Qa6 13. c4 Nef6 14. c5 Bc7
15. Bc2 b5 16. h3 Nxe5 17. fxe5 Ne4 18. Bxe4 dxe4 19. Rxe4 Bd8 20. Bg5 Be6 21.
Rh4 h6 22. Qc2 Qc8 23. Bxd8 Qxd8 24. Rh5 Qd5 25. Rd1 Qc4 26. Qxc4 Bxc4 27. b3
Bd5 28. Rf5 a5 29. Rd2 a4 30. b4 a3 31. Ne1 Ra4 32. Nd3 Rfa8 33. Rf4 Bc4 34.
Rf3 Kf8 35. Kf2 Bxd3 36. Rdxd3 Rxb4 37. Rxa3 Rb2+ 38. Kg3 Rxa2 39. Rxa8+ Rxa8
40. e6 f6 41. Kf4 Rd8 42. Ke4 Ke7 43. Rg3 g5 44. Ra3 Kxe6 45. g4 h5 46. Ra6 Kd7
47. Ra7+ Kc8 48. Ra8+ Kc7 49. Rxd8 Kxd8 50. gxh5 Ke7 51. h6 Kf7 52. d5 cxd5+
53. Kxd5 b4 54. h7 Kg7 55. h8=Q+ Kxh8 1-0

[Event "Volga 2012"]
[Site "?"]
[Date "2013.01.07"]
[Round "9.7"]
[White "Dobrocmyslov, Artem."]
[Black "Gabunov, Fail."]
[Result "1-0"]
[WhiteElo "1793"]
[BlackElo "1826"]
[PlyCount "77"]

1. d4 d5 2. Nc3 e6 3. e4 dxe4 4. Nxe4 Be7 5. Nf3 Nf6 6. Bd3 Nbd7 7. Qe2 O-O 8.
Nxf6+ Nxf6 9. Bg5 h6 10. Bxf6 Bxf6 11. O-O-O c6 12. h4 Bd7 13. g4 e5 14. dxe5
Re8 15. Bf5 Re7 16. Bxd7 Rxd7 17. Rxd7 Qxd7 18. exf6 Re8 19. Rd1 Qc8 20. Qc4 b5
21. Qf4 gxf6 22. Qxf6 Qa6 23. Kb1 b4 24. Ne5 Qb7 25. Rd8 Rxd8 26. Qxd8+ Kg7 27.
Qd7 Qxd7 28. Nxd7 f6 29. Kc1 Kg6 30. f4 Kf7 31. Kd2 Ke6 32. Nc5+ Kd5 33. Nd3 a5
34. Ke3 c5 35. b3 c4 36. bxc4+ Kxc4 37. g5 fxg5 38. fxg5 hxg5 39. h5 1-0

[Event "Volga 2012"]
[Site "?"]
[Date "2013.01.07"]
[Round "9.9"]
[White "Tsai, Roman."]
[Black "Drozhdin, Vladimir."]
[Result "1-0"]
[WhiteElo "1822"]
[BlackElo "1737"]
[PlyCount "51"]

1. e4 d6 2. d4 Nf6 3. Nc3 g6 4. Bd3 Bg7 5. h3 O-O 6. Nge2 c5 7. dxc5 dxc5 8.
O-O Nc6 9. Be3 b6 10. f4 e5 11. Bb5 Bb7 12. Ng3 Qe7 13. f5 a6 14. Bxc6 Bxc6 15.
Bg5 h6 16. Nd5 Bxd5 17. Bxf6 Bxf6 18. Qxd5 Rad8 19. Qb3 Bh4 20. fxg6 Qg5 21.
Rxf7 Qxg6 22. Rf6+ Kg7 23. Rxg6+ Kxg6 24. Qe6+ Kh7 25. Nf5 Bf6 26. Rf1 1-0

[Event "Volga 2012"]
[Site "?"]
[Date "2013.01.07"]
[Round "9.13"]
[White "Anikin, Victor."]
[Black "Abdurahmanov, Afer."]
[Result "1-0"]
[WhiteElo "1801"]
[BlackElo "1697"]
[PlyCount "71"]

1. b3 e6 2. a4 d5 3. e3 a6 4. f3 Nc6 5. Na3 Bd7 6. c3 Bd6 7. g3 Nge7 8. Nc2 Ng6
9. Kf2 h5 10. Ne1 h4 11. g4 Qf6 12. Nh3 O-O-O 13. d4 e5 14. e4 dxe4 15. Bg5 Qe6
16. Bxd8 Nxd8 17. Ng5 Qe7 18. Nxe4 exd4 19. Nxd6+ cxd6 20. Qxd4 Ne6 21. Qd2 h3
22. Rd1 Qh4+ 23. Kg1 Bc6 24. Qf2 Qf6 25. Rxd6 Ne5 26. Be2 Nxg4 27. Rxc6+ bxc6
28. Bxa6+ Kd7 29. fxg4 Qxc3 30. Bc4 f6 31. Nc2 Re8 32. Qf5 Qb2 33. Kf2 Kc7 34.
Re1 Rd8 35. Rxe6 Qc1 36. Qa5+ 1-0

[Event "Volga 2012"]
[Site "?"]
[Date "2013.01.07"]
[Round "9.14"]
[White "Sounov, Batyr."]
[Black "Agapchev, Andrey."]
[Result "1/2-1/2"]
[WhiteElo "1886"]
[BlackElo "1648"]
[PlyCount "117"]

1. e4 d6 2. d4 g6 3. f4 Bg7 4. Nf3 Nd7 5. c3 c5 6. Be3 cxd4 7. cxd4 Qa5+ 8. Nc3
Ngf6 9. Bd3 O-O 10. O-O Ng4 11. Bc1 Ngf6 12. e5 dxe5 13. fxe5 Nd5 14. Qb3 N7b6
15. Nxd5 Qxd5 16. Bg5 Qxb3 17. axb3 f6 18. Bh4 Be6 19. b4 Nd5 20. Bc4 Nf4 21.
Bxe6+ Nxe6 22. Rfe1 Nc7 23. exf6 exf6 24. Re7 Rf7 25. Rxf7 Kxf7 26. Bg3 Nd5 27.
Ra5 Ne7 28. Kf2 Nc6 29. Rd5 Rd8 30. Rxd8 Nxd8 31. d5 Bf8 32. b5 Bc5+ 33. Ke2
Ke7 34. Kd3 Nf7 35. h3 Nd6 36. Bxd6+ Kxd6 37. Kc4 Be3 38. Ne1 f5 39. Nc2 Bf2
40. Nb4 g5 41. Nd3 Be3 42. g4 f4 43. Ne1 b6 44. Nf3 h6 45. b4 Bf2 46. Nd2 Bg3
47. Kd4 Be1 48. Nc4+ Kc7 49. d6+ Kd7 50. Ne5+ Kxd6 51. Nf7+ Ke6 52. Nxh6 Bxb4
53. Nf5 Be1 54. Ke4 Bf2 55. Kf3 Bc5 56. h4 gxh4 57. Nxh4 Be7 58. Nf5 Bg5 59.
Ke4 1/2-1/2

[Event "Volga 2012"]
[Site "?"]
[Date "2013.01.07"]
[Round "9.17"]
[White "Breskanu, Nikita."]
[Black "Logunova, Elizaveta."]
[Result "1-0"]
[WhiteElo "1442"]
[BlackElo "1618"]
[PlyCount "115"]

1. d4 Nf6 2. c4 c6 3. Nc3 d5 4. Nf3 e6 5. Bg5 Be7 6. e3 Nbd7 7. c5 b6 8. b4 a5
9. a3 O-O 10. Bd3 Bb7 11. O-O Qc7 12. Qc2 h6 13. Bf4 Qc8 14. h3 Ba6 15. Nd2
Bxd3 16. Qxd3 Ra6 17. Nb3 Qb7 18. b5 Ra7 19. cxb6 Qxb6 20. bxc6 Qxb3 21. cxd7
Rxd7 22. Rfb1 Qc4 23. Qxc4 dxc4 24. Rb5 Ra7 25. Na4 Rc8 26. Nc5 Bxc5 27. dxc5
Ne4 28. Rc1 Rxc5 29. Rxc5 Nxc5 30. Rxc4 Nb3 31. Rc7 Rxc7 32. Bxc7 a4 33. Bd6 f6
34. Kf1 Nd2+ 35. Ke2 Ne4 36. Bb4 Kf7 37. h4 f5 38. f3 Nf6 39. Kd3 Nd5 40. Bc5
Ke8 41. g3 Kd7 42. Bf8 g6 43. Bxh6 Kc6 44. Bf8 Nf6 45. Be7 Nh5 46. g4 fxg4 47.
fxg4 Ng7 48. Kd4 Ne8 49. Ke5 Kb5 50. h5 gxh5 51. gxh5 Ng7 52. h6 Nf5 53. h7
Nxe7 54. Kxe6 Ng6 55. Kf6 Kc4 56. Kxg6 Kb3 57. h8=Q Kxa3 58. Qc3+ 1-0